Environmentálna politika Európskej únie
Smerovanie environmentálnej politiky EÚ obsiahnuté v environmentálnych akčných programoch EÚ. Šesť akčných programov zameraných na oblasti: zachovanie, ochrana a zlepšovanie kvality životného prostredia, ochrana ľudského zdravia, rozvážne a racionálne využívanie prírodných zdrojov, podpora opatrení...
Uložené v:
| Hlavný autor: | |
|---|---|
| Ďalší autori: | |
| Médium: | Kapitola |
| Jazyk: | Slovak |
| Predmet: | |
| Tagy: |
Žiadne tagy, Buďte prvý, kto otaguje tento záznam!
|
MARC
| LEADER | 00000nla$a2200000$$$4500 | ||
|---|---|---|---|
| 001 | 0092207 | ||
| 005 | 20240502072029.8 | ||
| 041 | 0 | |a slo | |
| 044 | |a SK | ||
| 245 | 1 | 0 | |a Environmentálna politika Európskej únie |c Júlia Vybíralová, Vladimír Polačko |
| 520 | |a Smerovanie environmentálnej politiky EÚ obsiahnuté v environmentálnych akčných programoch EÚ. Šesť akčných programov zameraných na oblasti: zachovanie, ochrana a zlepšovanie kvality životného prostredia, ochrana ľudského zdravia, rozvážne a racionálne využívanie prírodných zdrojov, podpora opatrení na medzinárodnej úrovni, čeliacich regionálnym a celosvetovým problémom životného prostredia. Zriadenie a poslanie Európskej environmentálnej agentúry so sídlom v Kodani. | ||
| 610 | 2 | 0 | |a ochrana prírody |
| 610 | 2 | 0 | |a ochrana prostredia životného |
| 610 | 2 | 0 | |a ochrana zdravia |
| 610 | 2 | 0 | |a kvalita života |
| 610 | 2 | 0 | |a zdroje prírodné |
| 610 | 2 | 0 | |a financovanie |
| 610 | 2 | 0 | |a Európska únia |
| 100 | 1 | |a Vybíralová, Júlia | |
| 700 | 1 | |a Polačko, Vladimír | |